[Event "XIII Weekend A"]
[Site "Ceriano Laghetto ITA"]
[Date "2004.02.08"]
[Round "6"]
[White "Buonocore, Elio"]
[Black "De Santis, Alessio"]
[Result "1-0"]
[WhiteElo "2099"]
[BlackElo "2283"]
[PlyCount "117"]
[EventDate "2004.01.31"]

1. e4 c5 2. c3 e6 3. d4 Qc7 4. Nf3 a6 5. Bd3 b5 6. O-O Bb7 7. Nbd2 Nf6 8. dxc5
Bxc5 9. e5 Ng4 10. Ne4 Bxe4 11. Bxe4 Nc6 12. Bf4 Rd8 13. Bxc6 dxc6 14. Qe2 h5
15. h3 Nh6 16. Rad1 Rd5 17. c4 Rxd1 18. Rxd1 Nf5 19. Bg5 O-O 20. b3 b4 21. Rd2
a5 22. Qd1 Qa7 23. Kf1 Qb6 24. g4 hxg4 25. hxg4 Ne7 26. Bxe7 Bxe7 27. Rd7 Bc5
28. Ng5 Be3 29. fxe3 Qxe3 30. Nf3 f6 31. Qe2 Qf4 32. Rd4 Qg3 33. Qg2 Qxg2+ 34.
Kxg2 fxe5 35. Nxe5 c5 36. Rd2 a4 37. Nd7 Rc8 38. Nb6 Rc6 39. Nxa4 Kf7 40. Kf3
Kf6 41. Rd7 g6 42. Kf4 e5+ 43. Ke4 Kg5 44. Rd5 Kxg4 45. Nxc5 g5 46. Nd3 Kh4 47.
Nxe5 Ra6 48. Nf3+ Kg4 49. Rxg5+ Kh3 50. Rb5 Kg3 51. Rxb4 Rxa2 52. Nd4 Kg4 53.
c5 Kg5 54. c6 Ra8 55. c7 Rc8 56. Rc4 Kf6 57. Nb5 Ke6 58. Na7 Re8 59. c8=Q+ 1-0

[Event "XIII Weekend A"]
[Site "Ceriano Laghetto ITA"]
[Date "2004.02.08"]
[Round "6"]
[White "Gromovs, Sergejs"]
[Black "Lapiccirella, Mattia"]
[Result "1-0"]
[WhiteElo "2297"]
[BlackElo "2166"]
[PlyCount "79"]
[EventDate "2004.01.31"]

1. d4 Nf6 2. Nf3 c5 3. d5 g6 4. c4 d6 5. Nc3 Bg7 6. e4 O-O 7. Be2 e6 8. Bg5
exd5 9. cxd5 a6 10. a4 Bg4 11. Nd2 Bxe2 12. Qxe2 Nbd7 13. O-O Qc7 14. f4 h6 15.
Bh4 Nh7 16. Nc4 Nb6 17. Nd2 Nd7 18. Kh1 Rae8 19. Qd3 Rc8 20. Nc4 Nb6 21. e5
Nxc4 22. Qxc4 dxe5 23. f5 g5 24. Bg3 Nf6 25. Rae1 Ne8 26. f6 Bxf6 27. h4 Bg7
28. hxg5 hxg5 29. Qg4 f6 30. Qe6+ Kh7 31. Ne4 Rd8 32. Rd1 Qc8 33. Qxc8 Rxc8 34.
d6 Rd8 35. d7 Nc7 36. Nxc5 Rf7 37. Bxe5 Na8 38. a5 Kg6 39. Bg3 Bf8 40. Ne6 1-0

[Event "XIII Weekend A"]
[Site "Ceriano Laghetto ITA"]
[Date "2004.02.08"]
[Round "6"]
[White "Lapiccirella, Daniele"]
[Black "Sbarra, Marco"]
[Result "1/2-1/2"]
[WhiteElo "2078"]
[BlackElo "2231"]
[PlyCount "117"]
[EventDate "2004.01.31"]

1. d4 d5 2. c4 e6 3. Nc3 c5 4. e3 Nc6 5. Nf3 a6 6. cxd5 exd5 7. dxc5 Nf6 8. Be2
Bxc5 9. O-O O-O 10. a3 Be6 11. b4 Bd6 12. Bb2 Re8 13. Qd3 Qe7 14. Rac1 Rad8 15.
Rfd1 Bg4 16. Na4 Ne4 17. h3 Bxf3 18. Bxf3 Bb8 19. Bxe4 dxe4 20. Qe2 Ne5 21. Nc5
f5 22. Rxd8 Rxd8 23. Rd1 Nf7 24. Rd2 Ba7 25. Rxd8+ Nxd8 26. Qc4+ Qf7 27. Qd4
Nc6 28. Qd2 Bxc5 29. bxc5 h5 30. g3 Qe6 31. h4 Kh7 32. Kg2 Kg6 33. Qc3 Qd7 34.
Qc4 Qf7 35. Qc3 Ne7 36. Qd4 Nd5 37. Qe5 Nf6 38. Qd6 Qd7 39. Qf8 Ne8 40. Bd4 Qf7
41. Qh8 Qe7 42. Qg8 Qf7 43. Qh8 Qd7 44. Be5 Qe6 45. Bd4 Qe7 46. Qg8 Nc7 47. Qc8
Ne6 48. c6 bxc6 49. Qxc6 Kf7 50. Qxa6 f4 51. Qa7 f3+ 52. Kh3 Qxa7 53. Bxa7 Ke7
54. g4 g6 55. gxh5 gxh5 56. Kg3 Kd6 57. a4 Kc6 58. Bd4 Kb7 59. Bc3 1/2-1/2

[Event "XIII Weekend A"]
[Site "Ceriano Laghetto ITA"]
[Date "2004.02.08"]
[Round "6"]
[White "Massironi, Marco"]
[Black "La Torre, Giovanni"]
[Result "1-0"]
[WhiteElo "2094"]
[BlackElo "2057"]
[PlyCount "65"]
[EventDate "2004.01.31"]

1. e4 c5 2. Nf3 e6 3. d4 cxd4 4. Nxd4 a6 5. c4 Qc7 6. a3 Nf6 7. Nc3 Nc6 8. Be3
d6 9. Be2 Be7 10. O-O O-O 11. Rc1 Nxd4 12. Bxd4 b6 13. f4 Bb7 14. Bf3 Rfd8 15.
Na4 Nd7 16. b4 Rac8 17. Qb3 a5 18. Qe3 axb4 19. axb4 e5 20. fxe5 dxe5 21. Bxb6
Bg5 22. Qxg5 Nxb6 23. Nc5 Nxc4 24. Bg4 h6 25. Qh5 Ra8 26. Nxb7 Qxb7 27. Rxc4
Qb6+ 28. Kh1 g6 29. Qxh6 Ra2 30. h4 Qa6 31. Rfc1 Ra1 32. Rc8 Rxc8 33. Bxc8 1-0

[Event "XIII Weekend A"]
[Site "Ceriano Laghetto ITA"]
[Date "2004.02.08"]
[Round "6"]
[White "Provera, Emanuele"]
[Black "Pozzi, Enrico"]
[Result "0-1"]
[WhiteElo "2144"]
[BlackElo "2202"]
[PlyCount "90"]
[EventDate "2004.01.31"]

1. d4 Nf6 2. c4 d6 3. Nc3 c6 4. e4 g6 5. Nf3 Bg7 6. Be2 O-O 7. O-O Nbd7 8. Bg5
h6 9. Bh4 Qc7 10. Qd2 a6 11. Rac1 Re8 12. Rfd1 g5 13. Bg3 Nh5 14. h3 Nxg3 15.
fxg3 Nf8 16. Nh2 Ne6 17. d5 Qb6+ 18. Kh1 Nc5 19. Qc2 Nd7 20. Bh5 Nf6 21. Bf3 c5
22. Rd2 Bd7 23. g4 Nh7 24. Nf1 Be5 25. Ne2 Nf8 26. Nfg3 Ng6 27. Nf5 Kh7 28. Rf1
Qa5 29. Nc1 f6 30. a3 b5 31. cxb5 axb5 32. Nd3 Rac8 33. h4 gxh4 34. Nxe5 Nxe5
35. Nxh4 Rg8 36. Nf5 Bxf5 37. gxf5 Rg5 38. Rdf2 Rcg8 39. Bd1 c4 40. Be2 Qb6 41.
b3 Qd4 42. bxc4 bxc4 43. a4 Nd3 44. Bxd3 cxd3 45. Rd2 Rh5# 0-1

[Event "X Torneo Internazionale"]
[Site "Montecatini Terme ITA"]
[Date "2004.01.24"]
[Round "1"]
[White "Naumkin, Igor"]
[Black "Di Caro, Calogero"]
[Result "1/2-1/2"]
[WhiteElo "2416"]
[BlackElo "2297"]
[PlyCount "27"]
[EventDate "2004.01.24"]

1. d4 Nf6 2. Nf3 c6 3. c4 d5 4. Nc3 a6 5. cxd5 cxd5 6. Bf4 Nc6 7. e3 Bg4 8. Bd3
e6 9. h3 Bxf3 10. Qxf3 Bd6 11. Bg5 Be7 12. O-O O-O 13. Rad1 Ne8 14. Bxe7
1/2-1/2

[Event "X Torneo Internazionale"]
[Site "Montecatini Terme ITA"]
[Date "2004.01.24"]
[Round "1"]
[White "Sabia, Corrado"]
[Black "Aldrovandi, Costantino"]
[Result "1/2-1/2"]
[WhiteElo "2148"]
[BlackElo "2375"]
[PlyCount "26"]
[EventDate "2004.01.24"]

1. e4 e5 2. Nf3 d6 3. d4 Nd7 4. Bc4 c6 5. a4 Be7 6. O-O Ngf6 7. Re1 O-O 8. a5
Nxe4 9. Rxe4 d5 10. Re1 dxc4 11. dxe5 Nc5 12. Qe2 Be6 13. Bd2 b5 1/2-1/2

[Event "X Torneo Internazionale"]
[Site "Montecatini Terme ITA"]
[Date "2004.01.24"]
[Round "1"]
[White "Squarci, Franco"]
[Black "Vezzosi, Paolo"]
[Result "0-1"]
[WhiteElo "2016"]
[BlackElo "2355"]
[PlyCount "80"]
[EventDate "2004.01.24"]

1. d4 Nf6 2. g3 c5 3. d5 b5 4. Bg2 Bb7 5. Nh3 Qa5+ 6. c3 d6 7. O-O Nbd7 8. e4
g6 9. f4 Bg7 10. Nd2 O-O 11. g4 Nb6 12. Qe1 Nxg4 13. Qg3 Nf6 14. Ng5 h6 15. Nh3
Nbd7 16. Nf2 c4 17. Ng4 Nxg4 18. Qxg4 Nf6 19. Qg3 b4 20. Bf3 bxc3 21. bxc3 Qxc3
22. Rb1 Ba6 23. e5 dxe5 24. fxe5 Nh5 25. Bxh5 Qxg3+ 26. hxg3 gxh5 27. Nf3 Rfd8
28. Rd1 c3 29. Rd4 Be2 30. Nh4 Bxe5 31. Re4 Bd3 32. Rxe5 Bxb1 33. Bxh6 Rac8 34.
Rxh5 Bg6 35. Re5 Rd7 36. Nf3 c2 37. Bc1 Rc5 38. d6 Rxe5 39. Nxe5 Rxd6 40. Nxg6
fxg6 0-1

[Event "X Torneo Internazionale"]
[Site "Montecatini Terme ITA"]
[Date "2004.01.24"]
[Round "1"]
[White "Tocchioni, Doriano"]
[Black "Sciortino, Massimo"]
[Result "0-1"]
[WhiteElo "2249"]
[BlackElo "2187"]
[PlyCount "38"]
[EventDate "2004.01.24"]

1. d4 g6 2. e4 Bg7 3. Nf3 d6 4. Bc4 Nf6 5. Nc3 O-O 6. Qe2 Bg4 7. e5 dxe5 8.
dxe5 Nh5 9. e6 f5 10. h3 Bxf3 11. Qxf3 Nc6 12. Bd2 Nd4 13. Qd3 c6 14. a4 Qc7
15. O-O-O Rfd8 16. Qf1 a6 17. Be2 Nf4 18. g4 b5 19. gxf5 b4 0-1

[Event "X Torneo Internazionale"]
[Site "Montecatini Terme ITA"]
[Date "2004.01.24"]
[Round "1"]
[White "Trabert, Bettina"]
[Black "Scuderi, David"]
[Result "1-0"]
[WhiteElo "2247"]
[BlackElo "1831"]
[PlyCount "77"]
[EventDate "2004.01.24"]

1. e4 e6 2. d4 d5 3. Nd2 Nf6 4. e5 Nfd7 5. c3 c5 6. Bd3 Nc6 7. Ne2 Qb6 8. Nf3
cxd4 9. cxd4 Bb4+ 10. Bd2 Bxd2+ 11. Qxd2 Qb4 12. Rc1 Qxd2+ 13. Nxd2 O-O 14. a3
Nb6 15. b4 Bd7 16. Nb3 Rfc8 17. Kd2 a6 18. Nc5 Rc7 19. Rc3 Rac8 20. Rhc1 Be8
21. Nxb7 Rxb7 22. Bxa6 Rbc7 23. Bxc8 Rxc8 24. b5 Na7 25. Rxc8 Naxc8 26. a4 Nc4+
27. Kc3 Kf8 28. Kb4 Ke7 29. Rc2 Kd7 30. Nc3 Kc7 31. Ra2 Na7 32. a5 Kb7 33. Kc5
Nc8 34. Ne2 Bd7 35. Nc1 Be8 36. Nd3 Bd7 37. Nb4 Be8 38. b6 Kb8 39. Na6+ 1-0

[Event "X Torneo Internazionale"]
[Site "Montecatini Terme ITA"]
[Date "2004.01.25"]
[Round "2"]
[White "Aldrovandi, Costantino"]
[Black "Squarci, Franco"]
[Result "0-1"]
[WhiteElo "2375"]
[BlackElo "2016"]
[PlyCount "38"]
[EventDate "2004.01.24"]

1. e4 e6 2. d3 c6 3. Nd2 d5 4. Ngf3 Nd7 5. Be2 Ne7 6. O-O Ng6 7. Re1 Be7 8. c3
O-O 9. Bf1 a6 10. a3 Bc5 11. b4 Ba7 12. Bb2 Qc7 13. Qa4 Re8 14. Rac1 Qd8 15. d4
Bb8 16. e5 Bc7 17. g3 Ndf8 18. h4 Bd7 19. Nb3 b5 0-1

[Event "X Torneo Internazionale"]
[Site "Montecatini Terme ITA"]
[Date "2004.01.25"]
[Round "2"]
[White "Mrdja, Milan"]
[Black "Sciortino, Massimo"]
[Result "0-1"]
[WhiteElo "2413"]
[BlackElo "2187"]
[PlyCount "74"]
[EventDate "2004.01.24"]

1. e4 e5 2. Nf3 Nc6 3. Bb5 d6 4. O-O Nf6 5. d4 Bd7 6. Re1 Be7 7. c3 O-O 8. a4
Re8 9. h3 Bf8 10. d5 Nb8 11. Bf1 a5 12. b4 axb4 13. cxb4 Na6 14. Qb3 g6 15. Nc3
Bg7 16. Be3 h6 17. a5 Kh7 18. Rec1 Qe7 19. Nd2 Nh5 20. Nc4 f5 21. f3 fxe4 22.
Nxe4 Nf4 23. Ncd2 c6 24. dxc6 bxc6 25. Rab1 Reb8 26. Bb6 d5 27. Nc5 Nxc5 28.
Bxc5 Qg5 29. Kh1 Bf5 30. Ra1 Nxh3 31. Ne4 dxe4 32. fxe4 Bxe4 33. Qxh3 Bf5 34.
Qe3 Qh4+ 35. Kg1 e4 36. g3 Qd8 37. Bb6 Rxb6 0-1

[Event "X Torneo Internazionale"]
[Site "Montecatini Terme ITA"]
[Date "2004.01.25"]
[Round "2"]
[White "Scuderi, David"]
[Black "Naumkin, Igor"]
[Result "0-1"]
[WhiteElo "1831"]
[BlackElo "2416"]
[PlyCount "52"]
[EventDate "2004.01.24"]

1. e4 e5 2. Nf3 Nc6 3. Bb5 a6 4. Bxc6 dxc6 5. O-O Qd6 6. d4 exd4 7. Qxd4 Qxd4
8. Nxd4 Bd7 9. Nc3 O-O-O 10. Be3 Ne7 11. Rad1 Re8 12. Rfe1 f6 13. Nb3 b6 14. a4
a5 15. Nd4 Ng6 16. f4 Bb4 17. Bd2 Bxc3 18. bxc3 Re7 19. Nf5 Rf7 20. g3 c5 21.
Ra1 Re8 22. Kf2 Bc6 23. Kf3 Ne7 24. Kf2 Ng8 25. Kf3 Rd7 26. Bc1 g6 0-1

[Event "X Torneo Internazionale"]
[Site "Montecatini Terme ITA"]
[Date "2004.01.25"]
[Round "2"]
[White "Vezzosi, Paolo"]
[Black "Tocchioni, Doriano"]
[Result "1-0"]
[WhiteElo "2355"]
[BlackElo "2249"]
[PlyCount "81"]
[EventDate "2004.01.24"]

1. c4 c5 2. g3 Nc6 3. Bg2 g6 4. Nc3 Bg7 5. Nf3 Nh6 6. a3 O-O 7. O-O d6 8. d3
Bd7 9. Rb1 a5 10. Bd2 Kh8 11. Ne1 f5 12. b3 e5 13. Nc2 f4 14. b4 axb4 15. axb4
cxb4 16. Nb5 fxg3 17. hxg3 Nf7 18. Nxb4 Nxb4 19. Rxb4 Bc6 20. Nc3 Qd7 21. Qb3
Qg4 22. c5 Qf5 23. Be4 Qh3 24. Be3 Rad8 25. Bd5 Qd7 26. Ne4 dxc5 27. Bxc6 bxc6
28. Bxc5 Qd5 29. Bxf8 Bxf8 30. Rb8 Qxb3 31. Rxb3 Nd6 32. Nxd6 Rxd6 33. Rc1 e4
34. dxe4 c5 35. Rb8 Kg7 36. Ra1 Re6 37. Ra7+ Be7 38. f3 Kf6 39. Rc8 h5 40. Kg2
Rb6 41. e5+ 1-0

[Event "X Torneo Internazionale"]
[Site "Montecatini Terme ITA"]
[Date "2004.01.26"]
[Round "3"]
[White "Sabia, Corrado"]
[Black "Scuderi, David"]
[Result "1-0"]
[WhiteElo "2148"]
[BlackElo "1831"]
[PlyCount "49"]
[EventDate "2004.01.24"]

1. e4 e6 2. d4 d5 3. Nc3 Bb4 4. e5 c5 5. a3 Bxc3+ 6. bxc3 Qc7 7. Nf3 Nc6 8. a4
Nge7 9. Be2 Bd7 10. O-O O-O 11. Re1 Rfe8 12. Bd3 h6 13. Bd2 cxd4 14. cxd4 Rac8
15. Qc1 Nf5 16. Ra3 Na5 17. g4 Ne7 18. Bxh6 Nc4 19. Qg5 Ng6 20. Bxg6 fxg6 21.
Qxg6 Bc6 22. Ng5 Nxa3 23. Re3 Bxa4 24. Qh7+ Kf8 25. Bxg7+ 1-0

[Event "X Torneo Internazionale"]
[Site "Montecatini Terme ITA"]
[Date "2004.01.26"]
[Round "3"]
[White "Sciortino, Massimo"]
[Black "Vezzosi, Paolo"]
[Result "0-1"]
[WhiteElo "2187"]
[BlackElo "2355"]
[PlyCount "76"]
[EventDate "2004.01.24"]

1. e4 g6 2. d4 Bg7 3. Nc3 d6 4. f4 c6 5. Be3 b5 6. a3 a6 7. Nf3 Nd7 8. Be2 Nb6
9. Nd2 Nf6 10. O-O O-O 11. Kh1 Bb7 12. Qe1 Nfd7 13. Rd1 c5 14. dxc5 Nxc5 15.
Qf2 Nba4 16. Nxa4 Nxa4 17. c4 Nxb2 18. Rb1 Bc6 19. Bb6 Qd7 20. cxb5 axb5 21. e5
Na4 22. Bd4 dxe5 23. fxe5 Rad8 24. Nb3 Be4 25. Rbd1 Qe6 26. Nc5 Nxc5 27. Bxc5
Rxd1 28. Rxd1 Bc6 29. Rc1 Rc8 30. Rf1 Bxe5 31. Bb4 Qh3 32. Qg1 Bd4 33. Rf3 Bxf3
34. Bxf3 Qh4 35. Qd1 Be5 36. Kg1 Bxh2+ 37. Kf1 Qc4+ 38. Be2 Qf4+ 0-1

[Event "X Torneo Internazionale"]
[Site "Montecatini Terme ITA"]
[Date "2004.01.26"]
[Round "3"]
[White "Squarci, Franco"]
[Black "Di Caro, Calogero"]
[Result "0-1"]
[WhiteElo "2016"]
[BlackElo "2297"]
[PlyCount "80"]
[EventDate "2004.01.24"]

1. d4 d6 2. Nf3 Bg4 3. Nbd2 Nf6 4. Ng5 h6 5. Nge4 d5 6. Nxf6+ exf6 7. c3 c6 8.
Nb3 Bd6 9. h3 Bh5 10. g4 Bg6 11. Bg2 Nd7 12. h4 Qc7 13. e3 h5 14. g5 O-O-O 15.
Nd2 fxg5 16. hxg5 f6 17. Nf3 Be4 18. gxf6 Nxf6 19. Nh4 Bxg2 20. Nxg2 Kb8 21. a4
h4 22. b3 g5 23. Ba3 Bxa3 24. Rxa3 h3 25. Qf3 hxg2 26. Qxg2 Rxh1+ 27. Qxh1 Ne4
28. b4 Rf8 29. Ra2 Nxc3 30. Rc2 Nxa4 31. Qh6 Rg8 32. Qe6 Rd8 33. Qf6 Qd6 34.
Qe5 Ka8 35. Qxg5 Qxb4+ 36. Kf1 Rh8 37. Kg2 Qb1 38. Qf6 Rg8+ 39. Kf3 Qh1+ 40.
Kf4 Qe4# 0-1

[Event "X Torneo Internazionale"]
[Site "Montecatini Terme ITA"]
[Date "2004.01.26"]
[Round "3"]
[White "Trabert, Bettina"]
[Black "Mrdja, Milan"]
[Result "1/2-1/2"]
[WhiteElo "2247"]
[BlackElo "2413"]
[PlyCount "69"]
[EventDate "2004.01.24"]

1. e4 c5 2. Nf3 Nc6 3. d4 cxd4 4. Nxd4 Qc7 5. Nc3 e6 6. Be2 a6 7. O-O Nf6 8.
Be3 Bb4 9. Na4 Be7 10. Nxc6 bxc6 11. Nb6 Rb8 12. Nxc8 Qxc8 13. Bd4 Nxe4 14.
Bxg7 Rg8 15. Be5 d6 16. Bd3 dxe5 17. Bxe4 f5 18. Qh5+ Kf8 19. Bd3 Rb4 20. Qe2
Rbg4 21. g3 Qb8 22. Bxa6 Qxb2 23. Rab1 Qc3 24. Rb8+ Kf7 25. Rxg8 Kxg8 26. Rb1
h5 27. Qd3 Qxd3 28. cxd3 e4 29. dxe4 Rxe4 30. Rc1 c5 31. Bc4 Kf7 32. a4 Bd8 33.
Bb5 Bb6 34. Kg2 h4 35. Rc2 1/2-1/2

[Event "X Torneo Internazionale"]
[Site "Montecatini Terme ITA"]
[Date "2004.01.27"]
[Round "4"]
[White "Aldrovandi, Costantino"]
[Black "Sciortino, Massimo"]
[Result "0-1"]
[WhiteElo "2375"]
[BlackElo "2187"]
[PlyCount "80"]
[EventDate "2004.01.24"]

1. e4 e5 2. Nf3 Nc6 3. Bc4 Bc5 4. O-O Nf6 5. d3 d6 6. c3 Bg4 7. b4 Bb6 8. a3 a5
9. Ra2 h6 10. Be3 Bxe3 11. fxe3 axb4 12. axb4 Rxa2 13. Bxa2 O-O 14. h3 Be6 15.
Bxe6 fxe6 16. b5 Ne7 17. Qb3 Qd7 18. Nbd2 Ra8 19. Rb1 Kh7 20. Kh2 Ng6 21. d4
exd4 22. exd4 e5 23. Qc4 d5 24. exd5 e4 25. Ne5 Qd6 26. Qb4 Qxd5 27. Nxg6 Kxg6
28. Qc4 Qg5 29. Nf1 Qf4+ 30. Kg1 Rf8 31. Qe2 Nd5 32. Rb3 Ra8 33. c4 Nf6 34. Qe3
Qxe3+ 35. Nxe3 Ra2 36. b6 c6 37. Kf1 Rd2 38. d5 cxd5 39. c5 Rd3 40. Rxd3 exd3
0-1

[Event "X Torneo Internazionale"]
[Site "Montecatini Terme ITA"]
[Date "2004.01.27"]
[Round "4"]
[White "Mrdja, Milan"]
[Black "Vezzosi, Paolo"]
[Result "1/2-1/2"]
[WhiteElo "2413"]
[BlackElo "2355"]
[PlyCount "120"]
[EventDate "2004.01.24"]

1. e4 c6 2. d4 d5 3. e5 g6 4. f4 Nh6 5. c3 Bg7 6. Nf3 O-O 7. Be2 Bg4 8. Ng5
Bxe2 9. Qxe2 Na6 10. O-O Nc7 11. Na3 f6 12. Nf3 Qd7 13. Nc2 Ne6 14. Bd2 Rae8
15. Rad1 Nf7 16. Nb4 fxe5 17. dxe5 a5 18. Nc2 b5 19. Ncd4 Nfd8 20. g3 Nc5 21.
Be3 Qc8 22. b3 Ne4 23. Rc1 Qg4 24. c4 bxc4 25. bxc4 g5 26. Nd2 Qxe2 27. Nxe2
gxf4 28. gxf4 Bh6 29. cxd5 cxd5 30. Nxe4 dxe4 31. Rc4 Ne6 32. Rc6 Kf7 33. Rfc1
Rb8 34. Rxe6 Kxe6 35. Rc6+ Kd7 36. Rxh6 Rb2 37. Kf2 Rc8 38. Bd4 Rxa2 39. Ke3
Rcc2 40. Nc3 Ra3 41. Kxe4 Raxc3 42. Bxc3 Rxc3 43. f5 a4 44. Rxh7 Rc7 45. Kd5 a3
46. e6+ Kc8 47. Rh8+ Kb7 48. Rh3 a2 49. Ra3 Rc2 50. h4 Kb6 51. f6 Rc5+ 52. Ke4
exf6 53. Rxa2 Kc7 54. Rd2 Rh5 55. Kf4 Re5 56. Rh2 Kd6 57. h5 Kxe6 58. h6 Rf5+
59. Ke4 Re5+ 60. Kf3 Rf5+ 1/2-1/2

[Event "X Torneo Internazionale"]
[Site "Montecatini Terme ITA"]
[Date "2004.01.27"]
[Round "4"]
[White "Scuderi, David"]
[Black "Squarci, Franco"]
[Result "1-0"]
[WhiteElo "1831"]
[BlackElo "2016"]
[PlyCount "67"]
[EventDate "2004.01.24"]

1. e4 e6 2. d4 b6 3. Nc3 Bb7 4. Bd3 Nc6 5. Nf3 Nb4 6. O-O Nxd3 7. Qxd3 Nf6 8.
e5 Nd5 9. Nxd5 Bxd5 10. c4 Bb7 11. Bf4 a5 12. Rad1 Be7 13. d5 exd5 14. cxd5 Ba6
15. Qe4 Bxf1 16. d6 Bb5 17. dxe7 Qc8 18. Qf5 Bc4 19. Qg4 Rg8 20. Ng5 b5 21.
Nxh7 Ra6 22. Nf6+ Rxf6 23. exf6 Be6 24. Qg5 Qb7 25. h4 Qb6 26. Rc1 c6 27. h5
Qd4 28. Be5 Qg4 29. Qxg4 Bxg4 30. fxg7 Bxh5 31. Bf6 Bg6 32. Rc3 Bb1 33. Rh3 d6
34. Rh8 1-0

[Event "X Torneo Internazionale"]
[Site "Montecatini Terme ITA"]
[Date "2004.01.27"]
[Round "4"]
[White "Skembris, Spyridon"]
[Black "Sabia, Corrado"]
[Result "1/2-1/2"]
[WhiteElo "2442"]
[BlackElo "2148"]
[PlyCount "118"]
[EventDate "2004.01.24"]

1. d4 d5 2. c4 c6 3. Nf3 Nf6 4. Qc2 dxc4 5. Qxc4 Bf5 6. Nc3 Nbd7 7. g3 e6 8.
Bg2 Be7 9. O-O O-O 10. e3 Ne4 11. Qe2 Nxc3 12. bxc3 Be4 13. a4 Qc7 14. Ba3 Bxa3
15. Rxa3 c5 16. Nd2 Bxg2 17. Kxg2 Rfc8 18. Qf3 Rab8 19. Rb1 cxd4 20. cxd4 Nf6
21. Rab3 b6 22. a5 h6 23. Ne4 Nxe4 24. Qxe4 bxa5 25. Rb7 Qd6 26. R1b5 Rxb7 27.
Qxb7 Qc6+ 28. Qxc6 Rxc6 29. Rxa5 Rc7 30. h4 Kf8 31. g4 Ke7 32. f4 Kd7 33. f5
Kc8 34. Kf3 Kb7 35. fxe6 fxe6 36. Ke4 Kb6 37. Ra3 a5 38. Ke5 Rc6 39. e4 Kb5 40.
Rb3+ Kc4 41. Rb7 a4 42. Rxg7 Ra6 43. Rc7+ Kb3 44. g5 hxg5 45. hxg5 a3 46. g6 a2
47. g7 a1=Q 48. g8=Q Ra5+ 49. Kxe6 Qxd4 50. Ke7+ Ka3 51. Qc4 Re5+ 52. Kf7 Qxc4+
53. Rxc4 Kb3 54. Kf6 Re8 55. Rd4 Kc3 56. Ra4 Kb3 57. Kf7 Re5 58. Kf6 Re8 59.
Rd4 Kc3 1/2-1/2

[Event "X Torneo Internazionale"]
[Site "Montecatini Terme ITA"]
[Date "2004.01.27"]
[Round "5"]
[White "Sabia, Corrado"]
[Black "Trabert, Bettina"]
[Result "1/2-1/2"]
[WhiteElo "2148"]
[BlackElo "2247"]
[PlyCount "55"]
[EventDate "2004.01.24"]

1. e4 e5 2. Nf3 Nc6 3. Nc3 Nf6 4. Bb5 Bb4 5. O-O O-O 6. d3 d6 7. Bg5 Bxc3 8.
bxc3 Qe7 9. Re1 Nd8 10. d4 Ne6 11. Bc1 c6 12. Bf1 Qc7 13. g3 Re8 14. Nh4 Nf8
15. dxe5 dxe5 16. Bg5 Bg4 17. Qc1 N6d7 18. Nf5 Bxf5 19. exf5 f6 20. Be3 Nb6 21.
Qd1 Rac8 22. Qh5 Nd5 23. Bc4 Kh8 24. a4 b6 25. g4 g6 26. Qh4 g5 27. Qh5 Re7 28.
h4 1/2-1/2

[Event "X Torneo Internazionale"]
[Site "Montecatini Terme ITA"]
[Date "2004.01.27"]
[Round "5"]
[White "Squarci, Franco"]
[Black "Skembris, Spyridon"]
[Result "0-1"]
[WhiteElo "2016"]
[BlackElo "2442"]
[PlyCount "98"]
[EventDate "2004.01.24"]

1. d4 c5 2. c3 Nf6 3. Nf3 e6 4. g3 b6 5. Bg2 Bb7 6. O-O Be7 7. Bg5 O-O 8. Nbd2
d6 9. Qc2 Nbd7 10. Rad1 Qc7 11. Rfe1 h6 12. Bxf6 Nxf6 13. e4 cxd4 14. Nxd4 a6
15. f3 Rfe8 16. Qb3 Bf8 17. Nc4 e5 18. Nf5 d5 19. Nce3 dxe4 20. fxe4 Nxe4 21.
Qc2 Nf6 22. Bxb7 Qxb7 23. Nd6 Bxd6 24. Rxd6 Ne4 25. Rd3 Ng5 26. Qg2 Nf3+ 27.
Kf2 e4 28. Rd5 Nxe1 29. Kxe1 Rad8 30. Rd4 Rxd4 31. cxd4 Qd7 32. d5 Qa4 33. b3
Qd4 34. Qd2 Qa1+ 35. Nd1 e3 36. Qb2 Qxb2 37. Nxb2 Rd8 38. Nc4 Rxd5 39. Ke2 b5
40. Nxe3 Rd7 41. Nf5 h5 42. h3 g6 43. Ne3 Kg7 44. g4 hxg4 45. hxg4 Kf6 46. a4
Kg5 47. axb5 axb5 48. Kf3 Rd3 49. b4 Rb3 0-1

[Event "X Torneo Internazionale"]
[Site "Montecatini Terme ITA"]
[Date "2004.01.27"]
[Round "5"]
[White "Tocchioni, Doriano"]
[Black "Scuderi, David"]
[Result "1-0"]
[WhiteElo "2249"]
[BlackElo "1831"]
[PlyCount "59"]
[EventDate "2004.01.24"]

1. d4 Nf6 2. Nf3 c5 3. d5 d6 4. c4 b5 5. cxb5 a6 6. b6 Qxb6 7. Nc3 g6 8. e4 Bg7
9. Nd2 O-O 10. Nc4 Qc7 11. Be2 Nbd7 12. Bf4 Nb6 13. Ne3 Nfd7 14. a4 Ne5 15. a5
Nbd7 16. Bg3 Nf6 17. f4 Nfg4 18. Nxg4 Nxg4 19. Bxg4 Rb8 20. Bxc8 Rxb2 21. e5
Rxc8 22. O-O dxe5 23. f5 c4 24. Qf3 Qc5+ 25. Kh1 Rb3 26. fxg6 fxg6 27. Qf7+ Kh8
28. Ne4 Qc7 29. Ng5 Qd7 30. Bxe5 1-0

[Event "X Torneo Internazionale"]
[Site "Montecatini Terme ITA"]
[Date "2004.01.27"]
[Round "5"]
[White "Vezzosi, Paolo"]
[Black "Aldrovandi, Costantino"]
[Result "1/2-1/2"]
[WhiteElo "2355"]
[BlackElo "2375"]
[PlyCount "86"]
[EventDate "2004.01.24"]

1. d4 Nf6 2. Nf3 g6 3. Bg5 Bg7 4. c3 h6 5. Bh4 d6 6. Nbd2 Bf5 7. Qb3 Qc8 8.
Bxf6 Bxf6 9. e4 Bd7 10. Bc4 O-O 11. e5 Bg7 12. O-O Nc6 13. e6 fxe6 14. Bd3 Be8
15. Qc2 g5 16. h4 g4 17. Nh2 e5 18. d5 Nd8 19. Bg6 Bd7 20. Ne4 c6 21. dxc6 Qxc6
22. Ng3 Ne6 23. Nxg4 Nf4 24. Ne3 d5 25. Bh7+ Kh8 26. Rad1 e6 27. Bd3 e4 28. Be2
Qc7 29. Qd2 Bc6 30. Nh5 Nxh5 31. Bxh5 Qe7 32. Bg6 Qf6 33. h5 Qh4 34. Qe2 Rf4
35. Qd2 Raf8 36. g3 Qg5 37. Ng2 Rf3 38. Qxg5 hxg5 39. Rd2 a5 40. Ne3 a4 41. a3
Be5 42. Re1 Bc7 43. Nc2 Bb6 1/2-1/2

[Event "X Torneo Internazionale"]
[Site "Montecatini Terme ITA"]
[Date "2004.01.28"]
[Round "6"]
[White "Di Caro, Calogero"]
[Black "Vezzosi, Paolo"]
[Result "1/2-1/2"]
[WhiteElo "2297"]
[BlackElo "2355"]
[PlyCount "72"]
[EventDate "2004.01.24"]

1. g3 c5 2. c4 g6 3. Bg2 Bg7 4. Nc3 Nc6 5. a3 Nh6 6. Rb1 a5 7. e3 Nf5 8. Nge2
d6 9. O-O O-O 10. b3 e5 11. Nd5 Be6 12. Nec3 Rb8 13. d3 h5 14. b4 axb4 15. axb4
b6 16. Bd2 h4 17. b5 Nce7 18. Ra1 Nxd5 19. Nxd5 e4 20. Bxe4 Bxa1 21. Qxa1 Bxd5
22. Bxd5 Ne7 23. Bg2 hxg3 24. hxg3 f5 25. e4 Rf7 26. exf5 Rxf5 27. Bh6 Rf7 28.
Bg5 Qf8 29. Bxe7 Rxe7 30. Bd5+ Kh7 31. Kg2 Re5 32. Qa7+ Kh6 33. g4 Qf4 34. Rh1+
Kg5 35. Qxb8 Qxg4+ 36. Kf1 Qd1+ 1/2-1/2

[Event "X Torneo Internazionale"]
[Site "Montecatini Terme ITA"]
[Date "2004.01.28"]
[Round "6"]
[White "Mrdja, Milan"]
[Black "Aldrovandi, Costantino"]
[Result "1/2-1/2"]
[WhiteElo "2413"]
[BlackElo "2375"]
[PlyCount "89"]
[EventDate "2004.01.24"]

1. e4 c5 2. Nf3 d6 3. d4 cxd4 4. Nxd4 Nf6 5. f3 g6 6. Nc3 Bg7 7. Be3 Nc6 8. Qd2
O-O 9. g4 Bd7 10. h4 Ne5 11. h5 Qa5 12. hxg6 fxg6 13. O-O-O Rfc8 14. Nb3 Qd8
15. Be2 Be6 16. Nd5 Bxd5 17. exd5 Nc4 18. Bxc4 Rxc4 19. Kb1 Rac8 20. Rc1 Qd7
21. Bh6 Bh8 22. Rhd1 Qe8 23. c3 Qf7 24. Qd3 b5 25. Be3 a6 26. a3 Bg7 27. Rc2
Ra4 28. Bc1 Rac4 29. Re2 R4c7 30. Re6 Nd7 31. Qe2 Nb6 32. Na5 Bf6 33. f4 Rc5
34. g5 Bg7 35. Nc6 Nxd5 36. Nxe7+ Nxe7 37. Rxe7 Qf5+ 38. Ka2 Qf8 39. Re4 a5 40.
Qd3 Qf7+ 41. Kb1 Qb3 42. Ka1 d5 43. Re2 b4 44. Be3 R5c6 45. axb4 1/2-1/2